Medicion de presiones en suelos.

Збережено в:
Бібліографічні деталі
Автор: Arguedas Delgado, Luis Guillermo
Формат: Дисертація Книга
Мова:Undetermined
Опубліковано: 1986
Предмети:
Теги: Додати тег
Немає тегів, Будьте першим, хто поставить тег для цього запису!

MARC

LEADER 00000nam a2200000Ia 4500
001 4055
008 140114s9999 xx 000 0 und d
100 |a Arguedas Delgado, Luis Guillermo. 
245 |a Medicion de presiones en suelos. 
260 |c 1986 
500 |a NULL 
502 |a Escuela de ingenieria Civil 
650 |z MEDICION DE PRESIONES 
999 |c 11735  |d 11735